Genetic and phenotypic characterisation of clinical methicillin-resistant staphylococcus aureus in a Malaysian hospital /
Saved in:
| Main Author: | |
|---|---|
| Format: | Thesis Book |
| Language: | English |
| Published: |
2012.
|
| Subjects: | |
| Online Access: | http://studentsrepo.um.edu.my/id/eprint/4333 |
| Tags: |
Add Tag
No Tags, Be the first to tag this record!
|
| LEADER | 01394cam a2200337 a 4500 | ||
|---|---|---|---|
| 001 | u986529 | ||
| 003 | SIRSI | ||
| 005 | 201401021415 | ||
| 008 | 140102s2012 my a t 000 0 eng m | ||
| 040 | |a UMM |d AUM |e rda | ||
| 090 | |a QH302 |b UMP 2012 Lim | ||
| 100 | 1 | |a Lim, King Ting. | |
| 245 | 1 | 0 | |a Genetic and phenotypic characterisation of clinical methicillin-resistant staphylococcus aureus in a Malaysian hospital / |c Lim King Ting. |
| 260 | |c 2012. | ||
| 300 | |a xx, 256 leaves : |b ill. ; |c 30 cm | ||
| 502 | |a Thesis (Ph.D) -- Institut Sains Biologi, Fakulti Sains, Universiti Malaya, 2012. | ||
| 504 | |a Bibliography: leaves 171-197 | ||
| 530 | |a Also issued in CD. | ||
| 650 | 0 | |a Methicillin resistance. | |
| 650 | 0 | |a Drug resistance in microorganisms. | |
| 650 | 0 | |a Microbial biotechnology. | |
| 650 | 0 | |a Virulence (Microbiology) |x Molecular aspects. | |
| 650 | 0 | |a Molecular biology. | |
| 650 | 0 | |a Virulence (Microbiology) |x Genetic aspects. | |
| 650 | 0 | |a Microbial genetics. | |
| 710 | 2 | |a Universiti Malaya. |b Institut Sains Biologi. | |
| 856 | 4 | 1 | |u http://studentsrepo.um.edu.my/id/eprint/4333 |
| 900 | |a ZA | ||
| 596 | |a 1 25 | ||
| 999 | |a QH302 UMP 2012 LIM |w LC |c 1 |i A515702318 |d 18/12/2014 |f 18/12/2014 |g 1 |l STACKS |m P01UTAMA |r Y |s Y |t TESIS |u 18/12/2014 |1 STEM | ||
| 999 | |a QH302 UMP 2012 LIM |w LC |c 1 |i A515869485 |f 25/1/2021 |g 1 |l STACKS |m P25UMARCHI |r N |s Y |t CD |u 29/7/2015 |1 STEM |o .STAFF. MST-CD8093 | ||
